Características de la modernización agrícola en El Salvador 1960-1975

Salvato in:
Dettagli Bibliografici
Autore principale: Ruiz Granadino, Santiago
Natura: testo
Pubblicazione: San Salvador: Universidad Centroamericana "José Simeón Cañas"
Tags: Aggiungi Tag
Nessun Tag, puoi essere il primo ad aggiungerne!!

MARC

LEADER 00000 a a2200000 04500
001 17118
003
040
090 |a 007200  
100 |a Ruiz Granadino, Santiago  
245 |a Características de la modernización agrícola en El Salvador 1960-1975  
260 |a San Salvador:   |b Universidad Centroamericana "José Simeón Cañas"  
300 |a 18 p.  
999 |c 1214  |d 1214